Tecnica del violin Op. 1 - parte primera: ejercicios en primera posición
Guardat en:
| Autor principal: | |
|---|---|
| Format: | Partitura Llibre |
| Idioma: | espanyol |
| Publicat: |
Buenos Aires
Ricordi Americana
1972
|
| Matèries: | |
| Etiquetes: |
Afegir etiqueta
Sense etiquetes, Sigues el primer a etiquetar aquest registre!
|
MARC
| LEADER | 00000ncm a2200000 a 4500 | ||
|---|---|---|---|
| 001 | UCN8722 | ||
| 003 | CL-VaPUC | ||
| 005 | 20250228122902.0 | ||
| 008 | 011116e19720000AG |||||||||||||||||spa|d | ||
| 999 | |c 298482 |d 298480 | ||
| 040 | |c Pontificia Universidad Católica de Valparaíso | ||
| 082 | 0 | 4 | |a Vn787.2193 SEV 1972 |2 21 |
| 100 | 0 | |a Sevcik, Otakar |e author |9 465102 | |
| 245 | 1 | 0 | |a Tecnica del violin Op. 1 - parte primera: ejercicios en primera posición |
| 260 | |a Buenos Aires |b Ricordi Americana |c 1972 | ||
| 300 | |a 43 p | ||
| 583 | |a last modification |c 20011116 00:00:00 |k Rodrigo Vera | ||
| 650 | 0 | |a Violín |x Técnicas de ejecución |9 462624 | |
| 650 | 0 | |a Violín |x Estudio y ejercicios |9 462626 | |
| 650 | 0 | |a Violín |x Estudio e instrucción |9 462623 | |
| 650 | 0 | |a Pedagogía instrumental |2 CL-VaPUC |9 324009 | |
| 650 | 0 | |a Violín |x Interpretación |9 462625 | |
| 942 | |c BK |2 ddc | ||
| 945 | |d 20011116 00:00:00 |a lriquelm | ||
| 952 | |0 0 |1 0 |2 ddc |4 0 |6 VN_787_219300000000000_SEV_1972 |7 0 |8 F |9 354087 |a BIBEDU |b BIBEDU |d 2019-11-21 |i 1178911 |o Vn787.2193 SEV 1972 |p 1178911 |r 2023-11-22 |w 2019-11-21 |y BK_F |k MUS | ||